[Event "42. Open Ciutat de Badalona 2016 - B"]
[Site "Badalona ESP"]
[Date "2016.08.04"]
[Round "3.3"]
[White "Corrales Adamuz, Cristian"]
[Black "Petit Montes, Marc"]
[Result "1/2-1/2"]
[WhiteElo "1878"]
[BlackElo "1770"]
[PlyCount "79"]
[EventDate "2016.08.02"]
[EventType "swiss"]
[EventRounds "9"]
[EventCountry "ESP"]
[SourceTitle "Ajedrez en Madrid"]
[Source "lmi"]
[SourceDate "2016.08.02"]
[SourceVersion "1"]
[SourceVersionDate "2018.07.18"]
[SourceQuality "1"]

1. Nf3 d5 2. g3 Nf6 3. Bg2 Bf5 4. c4 c6 5. b3 e6 6. Bb2 Nbd7 7. O-O Be7 8. d4
O-O 9. Nh4 Bg6 10. Nxg6 hxg6 11. Nd2 a5 12. a3 b6 13. e4 dxe4 14. Nxe4 Nxe4 15.
Bxe4 Rc8 16. Qe2 Bf6 17. Rad1 Qe7 18. Rfe1 Rfe8 19. Qd2 c5 20. d5 Bxb2 21. dxe6
Qxe6 22. Bb7 Ne5 23. Qxb2 Rc7 24. f4 Rxb7 25. Rxe5 Qc6 26. Qe2 Rbb8 27. Re1
Rxe5 28. Qxe5 Rd8 29. Kf2 Qd7 30. Qc3 Qh3 31. Kg1 Qf5 32. Re5 Qd3 33. Qxd3 Rxd3
34. b4 cxb4 35. axb4 axb4 36. Rb5 b3 37. Rxb6 Rc3 38. Rb8+ Kh7 39. c5 Rxc5 40.
Rxb3 1/2-1/2

[Event "42. Open Ciutat de Badalona 2016 - B"]
[Site "Badalona ESP"]
[Date "2016.08.04"]
[Round "3.4"]
[White "Alonso Gomez, Raul"]
[Black "Arroyo Mateo, Jose Miguel"]
[Result "1/2-1/2"]
[WhiteElo "1876"]
[BlackElo "1736"]
[PlyCount "66"]
[EventDate "2016.08.02"]
[EventType "swiss"]
[EventRounds "9"]
[EventCountry "ESP"]
[SourceTitle "Ajedrez en Madrid"]
[Source "lmi"]
[SourceDate "2016.08.02"]
[SourceVersion "1"]
[SourceVersionDate "2018.07.18"]
[SourceQuality "1"]

1. e4 c5 2. b4 e5 3. Bb2 cxb4 4. a3 Nf6 5. Bd3 Nc6 6. Nf3 d5 7. Nxe5 Nxe5 8.
Bxe5 dxe4 9. Bb5+ Bd7 10. Bxf6 gxf6 11. Qe2 f5 12. axb4 Bxb4 13. Qc4 Be7 14.
Qd5 Bxb5 15. Qxb5+ Qd7 16. Qe5 f6 17. Qf4 Bd6 18. Qh6 Be5 19. Nc3 a6 20. Qh5+
Ke7 21. Rb1 Bf4 22. O-O Rag8 23. d3 Rg5 24. Qe2 Qc7 25. Nxe4 fxe4 26. Qxe4+ Kf8
27. g3 b5 28. Qa8+ Kg7 29. Qxa6 Bxg3 30. hxg3 Rxg3+ 31. fxg3 Qxg3+ 32. Kh1 Qh3+
33. Kg1 Qg3+ 1/2-1/2

[Event "42. Open Ciutat de Badalona 2016 - B"]
[Site "Badalona ESP"]
[Date "2016.08.04"]
[Round "3.5"]
[White "Alshourfaa, Hazaa"]
[Black "Rios Torondell, Jaume"]
[Result "1/2-1/2"]
[WhiteElo "1796"]
[BlackElo "1876"]
[PlyCount "69"]
[EventDate "2016.08.02"]
[EventType "swiss"]
[EventRounds "9"]
[EventCountry "ESP"]
[SourceTitle "Ajedrez en Madrid"]
[Source "lmi"]
[SourceDate "2016.08.02"]
[SourceVersion "1"]
[SourceVersionDate "2018.07.18"]
[SourceQuality "1"]

1. d4 Nf6 2. Nf3 e6 3. Bg5 d5 4. e3 c5 5. c3 Qb6 6. Qb3 Qxb3 7. axb3 Ne4 8. Bf4
Nc6 9. Bd3 Be7 10. Nbd2 f5 11. h3 Bd7 12. Ne5 Nxd2 13. Kxd2 Nxe5 14. Bxe5 O-O
15. f4 a6 16. g4 Rac8 17. Rag1 Rf7 18. Rg2 c4 19. Bc2 Bf6 20. Bxf6 Rxf6 21. g5
Rff8 22. b4 Rc7 23. Ra1 Bc6 24. Rf2 Bd7 25. Ra3 Rfc8 26. Rf1 Bb5 27. Rfa1 Bd7
28. Ba4 Bxa4 29. Rxa4 Rc6 30. R1a3 Rb6 31. Ra5 Rcc6 32. b3 cxb3 33. Rxb3 Rb5
34. Rxb5 axb5 35. Ra3 1/2-1/2

[Event "42. Open Ciutat de Badalona 2016 - B"]
[Site "Badalona ESP"]
[Date "2016.08.04"]
[Round "3.6"]
[White "Gonzalez Pabollet, Jesus Maria"]
[Black "Manosas Vila, Ester"]
[Result "1-0"]
[WhiteElo "1872"]
[BlackElo "1729"]
[PlyCount "149"]
[EventDate "2016.08.02"]
[EventType "swiss"]
[EventRounds "9"]
[EventCountry "ESP"]
[SourceTitle "Ajedrez en Madrid"]
[Source "lmi"]
[SourceDate "2016.08.02"]
[SourceVersion "1"]
[SourceVersionDate "2018.07.18"]
[SourceQuality "1"]

1. d4 d5 2. Bf4 Nf6 3. e3 e6 4. Nf3 c5 5. c3 Nc6 6. Bd3 Be7 7. O-O O-O 8. Nbd2
Re8 9. Ne5 c4 10. Bc2 g6 11. Bg5 Nd7 12. Bxe7 Qxe7 13. f4 f5 14. g4 Ndxe5 15.
dxe5 Kh8 16. g5 b5 17. a3 Bb7 18. Nf3 Rad8 19. Nd4 Nxd4 20. exd4 a6 21. Kg2 Qc7
22. h4 Kg7 23. h5 Rh8 24. Rh1 Ra8 25. Qd2 Bc6 26. Rh3 Qb7 27. Rah1 Be8 28. Bd1
Rd8 29. Qe1 Qc8 30. Qh4 Kf8 31. hxg6 Bxg6 32. Qg3 Kg7 33. Bh5 Rdg8 34. Qh2 Qe8
35. Bxg6 hxg6 36. Rh7+ Rxh7 37. Qxh7+ Kf8 38. Qc7 Qe7 39. Qc8+ Kg7 40. Qxa6 Qd7
41. Rh6 Rd8 42. Kf3 Rc8 43. Ke2 Rc7 44. Qb6 Rb7 45. Qa5 Ra7 46. Qb4 Ra4 47. Qc5
Ra7 48. Rh1 Rc7 49. Qb4 Ra7 50. Rb1 Ra4 51. Qc5 Ra7 52. Kd2 Rc7 53. Qb4 Ra7 54.
Kc2 Ra4 55. Qc5 Ra7 56. b3 Rc7 57. Qb4 cxb3+ 58. Rxb3 Rb7 59. Qd6 Qc8 60. Qc5
Rc7 61. Qxb5 Rc4 62. Qb7+ Rc7 63. Qxc8 Rxc8 64. Rb7+ Kf8 65. a4 Rc4 66. Kb3 Rc6
67. a5 Ra6 68. Kb4 Rc6 69. Rb5 Rc4+ 70. Kb3 Ke7 71. Rb7+ Kd8 72. Rg7 Rc7 73.
Rxg6 Rb7+ 74. Ka4 Rb1 75. Rxe6 1-0

[Event "42. Open Ciutat de Badalona 2016 - B"]
[Site "Badalona ESP"]
[Date "2016.08.04"]
[Round "3.7"]
[White "Martinez Hernandez, Emili"]
[Black "Gonzalez Cominelli, Alejo Gabr"]
[Result "1-0"]
[WhiteElo "1789"]
[BlackElo "1858"]
[PlyCount "55"]
[EventDate "2016.08.02"]
[EventType "swiss"]
[EventRounds "9"]
[EventCountry "ESP"]
[SourceTitle "Ajedrez en Madrid"]
[Source "lmi"]
[SourceDate "2016.08.02"]
[SourceVersion "1"]
[SourceVersionDate "2018.07.18"]
[SourceQuality "1"]

1. Nf3 Nf6 2. c4 c6 3. d4 d5 4. Qc2 e6 5. g3 Bd6 6. Bg2 Nbd7 7. O-O O-O 8. b3
Ne4 9. Ba3 Bxa3 10. Nxa3 Qe7 11. Qb2 f5 12. cxd5 exd5 13. Nc2 g5 14. Ne5 Ndf6
15. b4 f4 16. f3 Nd6 17. g4 Be6 18. a4 Nc4 19. Nxc4 dxc4 20. Na3 Bxg4 21. fxg4
Qe3+ 22. Kh1 Nxg4 23. Rf3 Nf2+ 24. Kg1 Nh3+ 25. Kh1 Qg1+ 26. Rxg1 Nxg1 27. Kxg1
g4 28. Rf1 1-0

[Event "42. Open Ciutat de Badalona 2016 - B"]
[Site "Badalona ESP"]
[Date "2016.08.04"]
[Round "3.8"]
[White "Madrid Sole, Antonio"]
[Black "Al Ibrahim, Abdulrahman"]
[Result "0-1"]
[WhiteElo "1828"]
[BlackElo "1708"]
[PlyCount "104"]
[EventDate "2016.08.02"]
[EventType "swiss"]
[EventRounds "9"]
[EventCountry "ESP"]
[SourceTitle "Ajedrez en Madrid"]
[Source "lmi"]
[SourceDate "2016.08.02"]
[SourceVersion "1"]
[SourceVersionDate "2018.07.18"]
[SourceQuality "1"]

1. d4 Nf6 2. Nf3 d6 3. Nbd2 d5 4. e3 e6 5. Bd3 c5 6. c3 Nc6 7. O-O Bd6 8. dxc5
Bxc5 9. e4 O-O 10. exd5 Qxd5 11. Nb3 Bb6 12. Qe2 Re8 13. Bg5 e5 14. Bc4 Qe4 15.
Bxf6 Qxe2 16. Bxe2 gxf6 17. Rad1 Be6 18. Nfd2 e4 19. Nc4 Bxc4 20. Bxc4 Ne5 21.
Bb5 Red8 22. Nd4 Rd5 23. Be2 Rad8 24. h3 Bxd4 25. cxd4 Rxd4 26. Rxd4 Rxd4 27.
Rd1 Rxd1+ 28. Bxd1 f5 29. Kf1 Nd3 30. b3 Nf4 31. b4 Kg7 32. h4 Nd3 33. a3 Kf6
34. Bb3 b6 35. Bc2 Ke5 36. Bb3 f6 37. Bg8 h6 38. Bh7 a5 39. bxa5 bxa5 40. Bg8
f4 41. Ke2 Kd4 42. Bh7 Nc5 43. Kd2 Nd3 44. Ke2 Ne5 45. Bf5 Nc4 46. f3 e3 47. a4
Nb6 48. Bc2 Kc3 49. Bd1 Kb4 50. g3 Nd5 51. Bc2 fxg3 52. Kf1 Nf4 0-1

[Event "42. Open Ciutat de Badalona 2016 - B"]
[Site "Badalona ESP"]
[Date "2016.08.04"]
[Round "3.9"]
[White "Banon Muntal, Benici"]
[Black "Flores Linan, Jose Luis"]
[Result "0-1"]
[WhiteElo "1731"]
[BlackElo "1824"]
[PlyCount "56"]
[EventDate "2016.08.02"]
[EventType "swiss"]
[EventRounds "9"]
[EventCountry "ESP"]
[SourceTitle "Ajedrez en Madrid"]
[Source "lmi"]
[SourceDate "2016.08.02"]
[SourceVersion "1"]
[SourceVersionDate "2018.07.18"]
[SourceQuality "1"]

1. e4 c5 2. d4 cxd4 3. c3 d3 4. Bxd3 d6 5. Nf3 Nc6 6. Be3 g6 7. Nbd2 Bg7 8. O-O
Nf6 9. Nb3 O-O 10. Nbd4 Ng4 11. Bg5 h6 12. Bc1 Nge5 13. Nxc6 Nxf3+ 14. Qxf3
bxc6 15. Be3 Be6 16. Rad1 Qd7 17. b3 Bg4 18. Qg3 Bxd1 19. Rxd1 a5 20. f4 e6 21.
f5 g5 22. h4 Be5 23. Qg4 exf5 24. exf5 f6 25. hxg5 hxg5 26. c4 Qh7 27. g3 Kf7
28. Bxg5 Rg8 0-1

[Event "42. Open Ciutat de Badalona 2016 - B"]
[Site "Badalona ESP"]
[Date "2016.08.05"]
[Round "4.1"]
[White "Colom Andres, Xavier"]
[Black "Gonzalez Pabollet, Jesus Maria"]
[Result "1/2-1/2"]
[WhiteElo "1790"]
[BlackElo "1872"]
[PlyCount "65"]
[EventDate "2016.08.02"]
[EventType "swiss"]
[EventRounds "9"]
[EventCountry "ESP"]
[SourceTitle "Ajedrez en Madrid"]
[Source "lmi"]
[SourceDate "2016.08.02"]
[SourceVersion "1"]
[SourceVersionDate "2018.07.18"]
[SourceQuality "1"]

1. d4 Nf6 2. Nf3 c5 3. d5 e6 4. Nc3 exd5 5. Nxd5 d6 6. Bg5 Be7 7. Nxe7 Qxe7 8.
e3 O-O 9. Be2 h6 10. Bh4 Bf5 11. O-O Nc6 12. Bd3 Be6 13. Nd2 g5 14. Bg3 d5 15.
c3 Bg4 16. Be2 Bf5 17. Re1 Rad8 18. Qa4 Kg7 19. Rad1 a6 20. a3 Ra8 21. Rc1 b5
22. Qd1 c4 23. Nf3 Rfe8 24. Nd4 Nxd4 25. Qxd4 Kg6 26. Rcd1 Rad8 27. Qb6 Qe6 28.
Qd4 Ne4 29. Bc7 Rd7 30. Qb6 g4 31. f3 Nf6 32. Qxe6 fxe6 33. Be5 1/2-1/2

[Event "42. Open Ciutat de Badalona 2016 - B"]
[Site "Badalona ESP"]
[Date "2016.08.05"]
[Round "4.2"]
[White "Flores Linan, Jose Luis"]
[Black "Martinez Hernandez, Emili"]
[Result "1-0"]
[WhiteElo "1824"]
[BlackElo "1789"]
[PlyCount "67"]
[EventDate "2016.08.02"]
[EventType "swiss"]
[EventRounds "9"]
[EventCountry "ESP"]
[SourceTitle "Ajedrez en Madrid"]
[Source "lmi"]
[SourceDate "2016.08.02"]
[SourceVersion "1"]
[SourceVersionDate "2018.07.18"]
[SourceQuality "1"]

1. d4 f5 2. c4 Nf6 3. Nc3 g6 4. g3 Bg7 5. Bg2 O-O 6. Qb3 c6 7. Nf3 d6 8. O-O
Qc7 9. Bf4 Qb6 10. Qc2 Nh5 11. Bg5 Qc7 12. Rad1 e5 13. dxe5 dxe5 14. Be3 Nd7
15. Ng5 Ndf6 16. Bc5 Re8 17. Bd6 Qb6 18. c5 Qb4 19. a3 Qc4 20. b3 Qa6 21. Qa2
h6 22. b4+ Kh8 23. Nf7+ Kh7 24. Nxe5 Be6 25. Qb2 Bc4 26. Rd4 Nd7 27. f4 Nxe5
28. Bxe5 Bxe5 29. fxe5 Rxe5 30. Rd7+ Ng7 31. Ne4 Be6 32. Rxg7+ Kxg7 33. Qxe5+
Kh7 34. Qxe6 1-0

[Event "42. Open Ciutat de Badalona 2016 - B"]
[Site "Badalona ESP"]
[Date "2016.08.05"]
[Round "4.3"]
[White "Martinez Perez, Pablo"]
[Black "Fungueirino Pique, Daniel"]
[Result "1-0"]
[WhiteElo "1799"]
[BlackElo "1649"]
[PlyCount "89"]
[EventDate "2016.08.02"]
[EventType "swiss"]
[EventRounds "9"]
[EventCountry "ESP"]
[SourceTitle "Ajedrez en Madrid"]
[Source "lmi"]
[SourceDate "2016.08.02"]
[SourceVersion "1"]
[SourceVersionDate "2018.07.18"]
[SourceQuality "1"]

1. e4 e6 2. d4 d5 3. Nc3 Bb4 4. Nge2 dxe4 5. a3 Bxc3+ 6. Nxc3 Nc6 7. Bb5 a6 8.
Bxc6+ bxc6 9. O-O Qf6 10. Re1 Ne7 11. Nxe4 Qg6 12. Qf3 O-O 13. Qg3 e5 14. Qxg6
Nxg6 15. dxe5 Be6 16. Nc5 Bd5 17. g3 Rfe8 18. f4 Rad8 19. Nxa6 Rd7 20. Nb4 Ne7
21. Nxd5 cxd5 22. Bd2 Nc6 23. Kf2 Nd4 24. Rac1 c5 25. Be3 Ne6 26. f5 d4 27. Bf4
Nd8 28. Re2 Rd5 29. g4 c4 30. Rd1 Nc6 31. c3 d3 32. Re4 Nxe5 33. Bxe5 f6 34.
Rxc4 Rdxe5 35. Rxd3 Re2+ 36. Kg3 Rxb2 37. Rcd4 h6 38. Rd8 Kf8 39. Rxe8+ Kxe8
40. a4 Ra2 41. Rd4 Ra3 42. Rc4 Kd7 43. Kh4 Ra2 44. h3 Kd6 45. Kh5 1-0

[Event "42. Open Ciutat de Badalona 2016 - B"]
[Site "Badalona ESP"]
[Date "2016.08.05"]
[Round "4.4"]
[White "Al Ibrahim, Abdulrahman"]
[Black "Delgado Camara, Lluis Felix"]
[Result "0-1"]
[WhiteElo "1708"]
[BlackElo "1792"]
[PlyCount "72"]
[EventDate "2016.08.02"]
[EventType "swiss"]
[EventRounds "9"]
[EventCountry "ESP"]
[SourceTitle "Ajedrez en Madrid"]
[Source "lmi"]
[SourceDate "2016.08.02"]
[SourceVersion "1"]
[SourceVersionDate "2018.07.18"]
[SourceQuality "1"]

1. e4 e6 2. d4 d5 3. Nd2 Nf6 4. e5 Nfd7 5. Bd3 c5 6. c3 Nc6 7. Ne2 cxd4 8. cxd4
f6 9. exf6 Nxf6 10. Nf3 Bd6 11. O-O Qc7 12. Nc3 a6 13. Bg5 O-O 14. Rc1 Bd7 15.
Re1 Ng4 16. h3 Bh2+ 17. Kf1 Nxf2 18. Kxf2 Qg3+ 19. Ke3 Rxf3+ 20. gxf3 Qxg5+ 21.
Kf2 Qg3+ 22. Ke3 Qf4+ 23. Kf2 Nxd4 24. Be4 dxe4 25. Nxe4 Rf8 26. Rc3 e5 27. Kg2
Bc6 28. Qd3 Bxe4 29. Qxe4 Qg3+ 30. Kh1 Qxh3 31. Qg4 Qh6 32. Kg2 Qd2+ 33. Kh3
Qxe1 34. Rc7 Rxf3+ 35. Kxh2 Rf2+ 36. Kh3 Qh1+ 0-1

[Event "42. Open Ciutat de Badalona 2016 - B"]
[Site "Badalona ESP"]
[Date "2016.08.05"]
[Round "4.5"]
[White "Daimiel Bescos, Eleuterio"]
[Black "Rios Torondell, Jaume"]
[Result "1-0"]
[WhiteElo "1927"]
[BlackElo "1876"]
[PlyCount "91"]
[EventDate "2016.08.02"]
[EventType "swiss"]
[EventRounds "9"]
[EventCountry "ESP"]
[SourceTitle "Ajedrez en Madrid"]
[Source "lmi"]
[SourceDate "2016.08.02"]
[SourceVersion "1"]
[SourceVersionDate "2018.07.18"]
[SourceQuality "1"]

1. e4 e6 2. d4 d5 3. e5 c5 4. c3 Qb6 5. Nf3 Nc6 6. a3 c4 7. Nbd2 Na5 8. Rb1 Qc7
9. Be2 Bd7 10. O-O Ne7 11. Qc2 h6 12. Re1 Nc8 13. Nf1 Nb6 14. Bd1 O-O-O 15. h4
Be7 16. Be3 Rdg8 17. Qd2 Ba4 18. Ng3 Bxd1 19. Qxd1 Qd8 20. h5 g6 21. Nh2 Bh4
22. Nhf1 gxh5 23. Qxh5 Rg6 24. Ne2 Bg5 25. Qf3 Bxe3 26. Nxe3 Rg7 27. Ng3 Nb3
28. Re2 h5 29. Ngf1 Nd7 30. Qh3 Nf8 31. f4 Ng6 32. Rf2 Ne7 33. f5 exf5 34. Nxf5
Nxf5 35. Qxf5+ Kb8 36. Ne3 h4 37. Ng4 h3 38. Nf6 Qc8 39. Qxc8+ Kxc8 40. Nxd5
hxg2 41. Rxg2 Rgh7 42. Kf2 Nd2 43. Rbg1 Rd8 44. Nf6 Rh4 45. Kg3 Rh6 46. Rxd2
1-0

[Event "42. Open Ciutat de Badalona 2016 - B"]
[Site "Badalona ESP"]
[Date "2016.08.05"]
[Round "4.6"]
[White "Andreu Termes, Frederic"]
[Black "Casset Bello, Elena"]
[Result "1-0"]
[WhiteElo "1851"]
[BlackElo "1926"]
[PlyCount "65"]
[EventDate "2016.08.02"]
[EventType "swiss"]
[EventRounds "9"]
[EventCountry "ESP"]
[SourceTitle "Ajedrez en Madrid"]
[Source "lmi"]
[SourceDate "2016.08.02"]
[SourceVersion "1"]
[SourceVersionDate "2018.07.18"]
[SourceQuality "1"]

1. c4 e6 2. g3 d5 3. Bg2 Nf6 4. Nf3 Be7 5. Qc2 O-O 6. O-O c5 7. d4 cxd4 8. Nxd4
Nc6 9. Nxc6 bxc6 10. Rd1 Qb6 11. Nc3 a5 12. Na4 Qb4 13. b3 dxc4 14. Bd2 Qb5 15.
bxc4 Qh5 16. Bc3 Ba6 17. Rab1 Ng4 18. h3 Nh6 19. Nb6 Rad8 20. g4 Rxd1+ 21. Rxd1
Qh4 22. Bxa5 f5 23. Nd7 fxg4 24. Nxf8 gxh3 25. Qe4 Qh5 26. Qxe6+ Kxf8 27. Rd7
h2+ 28. Kh1 Bh4 29. Ra7 Qxa5 30. Qd6+ Kg8 31. Ra8+ Bd8 32. Rxd8+ Kf7 33. Rf8#
1-0

[Event "42. Open Ciutat de Badalona 2016 - B"]
[Site "Badalona ESP"]
[Date "2016.08.05"]
[Round "4.7"]
[White "Cano Sevila, Ivan"]
[Black "Delgado Prada, Benjamin"]
[Result "1-0"]
[WhiteElo "1890"]
[BlackElo "1811"]
[PlyCount "107"]
[EventDate "2016.08.02"]
[EventType "swiss"]
[EventRounds "9"]
[EventCountry "ESP"]
[SourceTitle "Ajedrez en Madrid"]
[Source "lmi"]
[SourceDate "2016.08.02"]
[SourceVersion "1"]
[SourceVersionDate "2018.07.18"]
[SourceQuality "1"]

1. d4 Nf6 2. Bf4 g6 3. h3 Bg7 4. Nf3 d6 5. e3 O-O 6. Be2 Nbd7 7. O-O c5 8. c3
b6 9. Nbd2 Bb7 10. a4 a6 11. Bh2 Re8 12. Re1 Ne4 13. Nxe4 Bxe4 14. Nd2 Bb7 15.
Bf3 Bxf3 16. Qxf3 Nf6 17. Nb3 c4 18. Nd2 d5 19. e4 Bh6 20. Bf4 Bxf4 21. Qxf4
Nxe4 22. Nxe4 dxe4 23. Qxe4 Qd7 24. Qh4 Ra7 25. Qh6 Qf5 26. Re5 Qc2 27. Qc1
Qxc1+ 28. Rxc1 Rd8 29. Rce1 Kf8 30. b3 Rc8 31. Rb1 Rb7 32. b4 Rd7 33. b5 a5 34.
f4 e6 35. Kf2 Rd5 36. Rbe1 Rcd8 37. Kf3 Kg7 38. Rxd5 Rxd5 39. Re5 Kf6 40. Ke4
Rd6 41. g4 h6 42. h4 Rd7 43. d5 exd5+ 44. Rxd5 Ke6 45. Rxd7 Kxd7 46. Kd5 f6 47.
h5 gxh5 48. gxh5 f5 49. Ke5 Ke7 50. Kxf5 Kf7 51. Ke5 Ke7 52. f5 Kf7 53. f6 Kf8
54. Kd6 1-0

[Event "42. Open Ciutat de Badalona 2016 - B"]
[Site "Badalona ESP"]
[Date "2016.08.05"]
[Round "4.8"]
[White "Flores Mendoza, Jose Antonio"]
[Black "Alshourfaa, Hazaa"]
[Result "1-0"]
[WhiteElo "1881"]
[BlackElo "1796"]
[PlyCount "131"]
[EventDate "2016.08.02"]
[EventType "swiss"]
[EventRounds "9"]
[EventCountry "ESP"]
[SourceTitle "Ajedrez en Madrid"]
[Source "lmi"]
[SourceDate "2016.08.02"]
[SourceVersion "1"]
[SourceVersionDate "2018.07.18"]
[SourceQuality "1"]

1. d4 Nf6 2. c4 e6 3. a3 b6 4. Nf3 Bb7 5. g3 Be7 6. Bg2 O-O 7. O-O d5 8. cxd5
Bxd5 9. Nc3 Bb7 10. Re1 c5 11. e4 cxd4 12. Qxd4 Qxd4 13. Nxd4 Bc5 14. Nb3 Na6
15. h3 h6 16. Na4 Be7 17. Nc3 Rfd8 18. Be3 Nd7 19. Rad1 Nac5 20. Nd4 Nf6 21. e5
Nd5 22. Nxd5 Bxd5 23. Bxd5 Rxd5 24. Nc6 Rxd1 25. Nxe7+ Kf8 26. Ng6+ fxg6 27.
Bxc5+ bxc5 28. Rxd1 Ke7 29. Rc1 Rc8 30. Kf1 Kd7 31. Rd1+ Ke7 32. Rd6 Rb8 33.
Rc6 Rxb2 34. Rc7+ Kf8 35. Rxc5 Rb7 36. a4 Ke7 37. Ke2 Kd7 38. Kd3 Rc7 39. Ra5
Kc8 40. Ra6 Kd7 41. f4 Ke7 42. g4 Kf7 43. Kd4 Ke7 44. a5 Kd7 45. Rd6+ Ke7 46.
h4 Kf7 47. Rd8 Ke7 48. Ra8 Kf7 49. a6 Ke7 50. Rb8 Kd7 51. Rg8 Kc6 52. Rd8 Rd7+
53. Rxd7 Kxd7 54. Kc5 Kc7 55. Kd4 Kc6 56. Ke4 Kd7 57. f5 gxf5+ 58. gxf5 Ke7 59.
h5 Kf7 60. fxe6+ Kxe6 61. Kf4 Ke7 62. Kf5 Kf7 63. e6+ Ke7 64. Ke5 Ke8 65. Kd6
Kd8 66. Kc6 1-0

[Event "42. Open Ciutat de Badalona 2016 - B"]
[Site "Badalona ESP"]
[Date "2016.08.05"]
[Round "4.9"]
[White "Terrones Hernandez, Jonathan"]
[Black "Corrales Adamuz, Cristian"]
[Result "0-1"]
[WhiteElo "1845"]
[BlackElo "1878"]
[PlyCount "48"]
[EventDate "2016.08.02"]
[EventType "swiss"]
[EventRounds "9"]
[EventCountry "ESP"]
[SourceTitle "Ajedrez en Madrid"]
[Source "lmi"]
[SourceDate "2016.08.02"]
[SourceVersion "1"]
[SourceVersionDate "2018.07.18"]
[SourceQuality "1"]

1. d4 Nf6 2. Nf3 g6 3. Bf4 Bg7 4. Nc3 O-O 5. Qd2 Re8 6. Bh6 Bh8 7. h4 d6 8. h5
Bg4 9. hxg6 fxg6 10. O-O-O Nbd7 11. e4 Nf8 12. Bc4+ e6 13. Bg5 a6 14. Qf4 Bxf3
15. gxf3 b5 16. Bb3 a5 17. Nxb5 h6 18. Rxh6 Bg7 19. Rh3 N8h7 20. Rdh1 Nd5 21.
exd5 Nxg5 22. Rg3 Bf6 23. dxe6 Kg7 24. Rxg5 Bxg5 0-1

[Event "42. Open Ciutat de Badalona 2016 - B"]
[Site "Badalona ESP"]
[Date "2016.08.05"]
[Round "4.10"]
[White "Garcia Sanchez, Aitor"]
[Black "Petit Montes, Marc"]
[Result "0-1"]
[WhiteElo "1878"]
[BlackElo "1770"]
[PlyCount "168"]
[EventDate "2016.08.02"]
[EventType "swiss"]
[EventRounds "9"]
[EventCountry "ESP"]
[SourceTitle "Ajedrez en Madrid"]
[Source "lmi"]
[SourceDate "2016.08.02"]
[SourceVersion "1"]
[SourceVersionDate "2018.07.18"]
[SourceQuality "1"]

1. Nf3 d5 2. g3 Nf6 3. Bg2 Bf5 4. Nh4 Bg6 5. Nxg6 hxg6 6. c4 c6 7. Qb3 Qc7 8.
cxd5 cxd5 9. Nc3 e6 10. d3 a6 11. Bf4 Qd7 12. Na4 Qb5 13. Qxb5+ axb5 14. Nb6
Ra6 15. Nxd5 Nxd5 16. Bxd5 exd5 17. Bxb8 Bb4+ 18. Kf1 Kd7 19. Be5 f6 20. Bd4
Rc8 21. Kg2 Rac6 22. h4 Rc2 23. h5 Rxe2 24. h6 gxh6 25. Rxh6 Bc5 26. Rc1 Bxd4
27. Rh7+ Ke6 28. Rxc8 Rxf2+ 29. Kh3 Rxb2 30. Rxb7 Be5 31. Rc5 d4 32. a4 Rb3 33.
Rcxb5 Rxd3 34. Rb3 Rd1 35. Rb1 Rd2 36. a5 Ra2 37. R7b5 Bc7 38. Rc1 Be5 39. Kg4
Ra3 40. Rg1 Bc7 41. Rc1 Rxg3+ 42. Kh4 g5+ 43. Kh5 Be5 44. Ra1 d3 45. Ra2 Bf4
46. a6 d2 47. Ra1 Rc3 48. Rbb1 Rc8 49. a7 Ra8 50. Kg6 Be3 51. Rf1 Rxa7 52. Rad1
Bf4 53. Rf2 Ra2 54. Re2+ Kd5 55. Kxf6 Kd4 56. Rg2 Kd3 57. Rf1 Kc2 58. Kf5 Rb2
59. Rgg1 Bh2 60. Rh1 Bf4 61. Ke4 Rb3 62. Ra1 Re3+ 63. Kd4 Rd3+ 64. Kc4 d1=Q 65.
Ra2+ Kb1 66. Rxd1+ Rxd1 67. Rg2 Rd8 68. Kc3 Bc1 69. Rg1 Rc8+ 70. Kd3 Rc2 71.
Ke4 Kb2 72. Kf3 Bf4 73. Kg4 Kc3 74. Ra1 Rg2+ 75. Kh3 Rg3+ 76. Kh2 Kd4 77. Kh1
Ke4 78. Rf1 Kf5 79. Ra1 Kg4 80. Ra8 Kf3 81. Ra3+ Be3 82. Kh2 Rg2+ 83. Kh1 Rc2
84. Ra1 Rc1+ 0-1

[Event "42. Open Ciutat de Badalona 2016 - B"]
[Site "Badalona ESP"]
[Date "2016.08.06"]
[Round "5.1"]
[White "Delgado Camara, Lluis Felix"]
[Black "Flores Linan, Jose Luis"]
[Result "1-0"]
[WhiteElo "1792"]
[BlackElo "1824"]
[PlyCount "55"]
[EventDate "2016.08.02"]
[EventType "swiss"]
[EventRounds "9"]
[EventCountry "ESP"]
[SourceTitle "Ajedrez en Madrid"]
[Source "lmi"]
[SourceDate "2016.08.02"]
[SourceVersion "1"]
[SourceVersionDate "2018.07.18"]
[SourceQuality "1"]

1. e4 c5 2. Nf3 d6 3. d4 cxd4 4. Nxd4 g6 5. Nc3 Bg7 6. Be3 Nc6 7. f3 Qb6 8. Nd5
Qa5+ 9. b4 Qd8 10. Nb5 Kf8 11. Ndc7 Rb8 12. Rb1 Nf6 13. Bc4 h5 14. Qd2 Kg8 15.
Nd5 Nd7 16. Nxa7 Nce5 17. Bb3 b5 18. f4 Ng4 19. Nc6 Qf8 20. Nxb8 Nxb8 21. Bd4
e5 22. fxe5 Nxe5 23. O-O Nbd7 24. Nb6 Nf6 25. Qg5 h4 26. Bxe5 dxe5 27. Rxf6 Qd8
28. Rxg6 1-0

[Event "42. Open Ciutat de Badalona 2016 - B"]
[Site "Badalona ESP"]
[Date "2016.08.06"]
[Round "5.2"]
[White "Daimiel Bescos, Eleuterio"]
[Black "Martinez Perez, Pablo"]
[Result "0-1"]
[WhiteElo "1927"]
[BlackElo "1799"]
[PlyCount "96"]
[EventDate "2016.08.02"]
[EventType "swiss"]
[EventRounds "9"]
[EventCountry "ESP"]
[SourceTitle "Ajedrez en Madrid"]
[Source "lmi"]
[SourceDate "2016.08.02"]
[SourceVersion "1"]
[SourceVersionDate "2018.07.18"]
[SourceQuality "1"]

1. e4 c5 2. Nf3 d6 3. c3 Nf6 4. Bb5+ Nbd7 5. Qe2 a6 6. Ba4 b5 7. Bc2 Bb7 8. d4
cxd4 9. cxd4 Rc8 10. O-O Qc7 11. Bd3 g6 12. Bf4 Bg7 13. Nbd2 O-O 14. a4 e5 15.
dxe5 dxe5 16. Bg3 bxa4 17. Rxa4 Nh5 18. Bxa6 Nxg3 19. hxg3 Nc5 20. Bxb7 Qxb7
21. Ra2 Nb3 22. Nc4 Qb5 23. Qe3 Qxc4 24. Ra3 Nd4 25. Nd2 Qb4 26. Ra2 Rc2 27.
Rd1 Rxb2 28. Ra7 Qb5 29. Kh2 Qe2 30. Qxe2 Nxe2 31. Nc4 Rb4 32. Nd6 Rd4 33. Re1
Rxd6 34. Rxe2 Rd4 35. f3 Rfd8 36. Rc2 R4d7 37. Raa2 h5 38. Kh3 Bh6 39. g4 hxg4+
40. Kxg4 Rd2 41. g3 Rxc2 42. Rxc2 Be3 43. f4 Bd4 44. Rd2 Rb8 45. fxe5 Bxe5 46.
Rd5 f6 47. Rd3 Kg7 48. Kf3 Rc8 0-1